Tres "prólogos" y siete "preámbulos" en torno a Ramón Gómez de la Serna: (Record no. 190480)

MARC details
000 -LEADER
campo de control de longitud fija 01000cam a2200241 i 4500
001 - NÚMERO DE CONTROL
campo de control 190480
003 - IDENTIFICADOR DE NÚMERO DE CONTROL
campo de control ES-MaACL
005 - FECHA Y HORA DE LA ÚLTIMA TRANSACCIÓN
campo de control 20240111192026.0
008 - DATOS DE LONGITUD FIJA--INFORMACIÓN GENERAL
campo de control de longitud fija 210406s2010 sp 001 0 spa
020 ## - NÚMERO INTERNACIONAL ESTÁNDAR DEL LIBRO
Número Internacional Estándar del Libro 978-84-614-0703-3
080 ## - NÚMERO DE LA CLASIFICACIÓN DECIMAL UNIVERSAL
Número de la Clasificación Decimal Universal 821.134.2 Gómez de la Serna, Ramón 1.07
100 1# - ENTRADA PRINCIPAL--NOMBRE DE PERSONA
Nombre de persona Zlotescu, Ioana.
9 (RLIN) 118312
245 10 - MENCIÓN DEL TÍTULO
Título Tres "prólogos" y siete "preámbulos" en torno a Ramón Gómez de la Serna:
Resto del título estudios contenidos en las "Obras completas de Ramón Gómez de la Serna" /
Mención de responsabilidad, etc. Ioana Zlotescu.
260 ## - PUBLICACIÓN, DISTRIBUCIÓN, ETC.
Lugar de publicación, distribución, etc. Madrid :
Nombre del editor, distribuidor, etc. Albert,
Fecha de publicación, distribución, etc. 2010.
300 ## - DESCRIPCIÓN FÍSICA
Extensión 208 p. :
Otras características físicas 1 retr. ;
Dimensiones 21 cm.
490 1# - MENCIÓN DE SERIE
Mención de serie Biblioteca de Ramón ;
Designación de volumen o secuencia 6
599 ## - NOTA A LAS ILUSTRACIONES
NOTA A LAS ILUSTRACIONES Retr.: fot. de R. Gómez de la Serna (antes de port.)
600 14 - PUNTO DE ACCESO ADICIONAL DE MATERIA--NOMBRE DE PERSONA
Nombre de persona Gómez de la Serna, Ramón,
Fechas asociadas al nombre 1888-1963-
Subdivisión general Crítica e interpretación
9 (RLIN) 57903
830 1# - PUNTO DE ACCESO ADICIONAL DE SERIE-TÍTULO UNIFORME
Título uniforme Biblioteca de Ramón ;
Designación de volumen o secuencia 6
9 (RLIN) 193493
852 4# - LOCALIZACIÓN
Ubicación ES-MaACL
Número de control de estantería A-14684
itemnumber 197657
Sublocalización o colección R.152246
Ubicación en estantería Depósito 1
Signatura antigua Olim: N-7684
Donativo/Legado Donación: Editorial
942 ## - ELEMENTOS DE ENTRADA SECUNDARIOS (KOHA)
Fuente del sistema de clasificación o colocación Clasificación decimal universal
Tipo de ítem Koha Libro impreso
Holdings
Estatus retirado Estado de pérdida Fuente del sistema de clasificación o colocación Estado de daño No para préstamo Biblioteca de origen Biblioteca actual Ubicación en estantería Fecha de adquisición Fuente de adquisición Total de préstamos Signatura topográfica completa Código de barras Visto por última vez Precio de reemplazo Tipo de ítem Koha
    Clasificación decimal universal     Biblioteca del Ateneo de Madrid Biblioteca del Ateneo de Madrid Depósito 1 06/04/2021 Donación   A-14684 1202506 23/02/2023 23/02/2023 Libro impreso